| 000 | 00884nam a2200205 i 4500 | ||
|---|---|---|---|
| 001 | 189758 | ||
| 003 | ES-MaACL | ||
| 005 | 20230906223540.0 | ||
| 007 | t| | ||
| 008 | 191015s1965 sp ||||1| spa d | ||
| 111 | 0 |
_aConcilio Vaticano ( _n2º. _d1962-1965) _9122 |
|
| 245 | 1 | 0 | _aCinco nuevos documentos. |
| 260 |
_aMadrid : _bApostolado de la Prensa, _c[1965] |
||
| 300 |
_a101 p. ; _c18 cm. |
||
| 490 | 1 |
_aConcilio Vaticano II ; _v4 |
|
| 505 | 8 | _aContiene: Decreto sobre la función pastoral de los Obispos. Decreto sobre la formacion sacerdotal, Decreto sobre la renovación acomodada a los tiempos de la vida religiosa, Declaración sobre la educación cristiana de la juventud. Declaración sobre las relaciones de la Iglesia con las religiones no cristianas | |
| 830 | 0 |
_aConcilio Vaticano II ; _v4 _9193399 |
|
| 852 |
_aES-MaACL _jP-993-Ter-2 |
||
| 999 |
_c189758 _d189758 |
||